Bahādara Balajīta Kaura, (Record no. 55111)

MARC details
000 -LEADER
fixed length control field 00710cam a22002411 4500
001 - CONTROL NUMBER
control field sa 63003502
003 - CONTROL NUMBER IDENTIFIER
control field DLC
005 - DATE AND TIME OF LATEST TRANSACTION
control field 20260227111942.0
008 - FIXED-LENGTH DATA ELEMENTS--GENERAL INFORMATION
fixed length control field 940715s1962 ii 000 0 pano
010 ## - LIBRARY OF CONGRESS CONTROL NUMBER
LC control number sa 63003502
025 ## - OVERSEAS ACQUISITION NUMBER
Overseas acquisition number PL480:I-Pu-166
035 ## - SYSTEM CONTROL NUMBER
System control number (OCoLC)30773467
040 ## - CATALOGING SOURCE
Original cataloging agency DLC
Transcribing agency CU
Modifying agency CU
-- NSyU
-- DLC
042 ## - AUTHENTICATION CODE
Authentication code premarc
050 00 - LIBRARY OF CONGRESS CALL NUMBER
Classification number PK2659.S5928
Item number B3
100 1# - MAIN ENTRY--PERSONAL NAME
Personal name Singh, Trilok,
Dates associated with a name 1908-
245 10 - TITLE STATEMENT
Title Bahādara Balajīta Kaura,
Statement of responsibility, etc. lekhaka Triloka Siṅgha.
250 ## - EDITION STATEMENT
Edition statement Pahilī wāra.
260 ## - PUBLICATION, DISTRIBUTION, ETC.
Place of publication, distribution, etc. Ammritasara,
Name of publisher, distributor, etc. Bhāī Jawāhara Siṅgha kripāla Siṅgha
Date of publication, distribution, etc. [1962]
300 ## - PHYSICAL DESCRIPTION
Extent 139 p.
Dimensions 19 cm.
500 ## - GENERAL NOTE
General note In Panjabi.
600 00 - SUBJECT ADDED ENTRY--PERSONAL NAME
Personal name Balajīta Kaura,
Dates associated with a name active 18th century
Form subdivision Fiction.

No items available.

Powered by Koha